| 000 | 00465nam a2200181Ia 4500 | ||
|---|---|---|---|
| 003 | GCL | ||
| 008 | 140319s9999 xx 000 0 eng d | ||
| 040 |
_aGCL / _cGCL |
||
| 082 | 0 | 4 |
_a540 _bK N |
| 100 | 1 | _aKAPPOR, K.L | |
| 245 | 1 | 0 |
_aNUMERICAL PROBLEMS IN CHEMISTRY / _cKAPPOR, K.L |
| 260 |
_a[S.N] : _bTATA MCGRAW - HILL PUBLISHING ، _c1991 |
||
| 300 | _a295 | ||
| 650 | 0 | 4 | _aCHEMISTRY |
| 650 | 0 | 4 | _aEQUILIBRIUM |
| 650 | 0 | 4 | _aTHE RMODYNAMICS |
| 942 |
_2ddc _cBK |
||
| 999 |
_c20291 _d20291 |
||